书目信息 |
| 题名: |
大学英语四级考试710分备课教案大全
|
|
| 作者: | 赵建昆 主编 | |
| 分册: | ||
| 出版信息: | 北京 中国石化出版社 2011.08 |
|
| 页数: | 289页 | |
| 开本: | 26cm | |
| 丛书名: | ||
| 单 册: | ||
| 中图分类: | H310.42 | |
| 科图分类: | ||
| 主题词: | 大学英语水平考试--da xue ying yu shui ping kao shi--教学参考资料 | |
| 电子资源: | ||
| ISBN: | 978-7-5114-1043-6 | |
| 000 | 01017nam0 2200241 450 | |
| 001 | 1140274639 | |
| 005 | 20111110142248.39 | |
| 010 | @a978-7-5114-1043-6@dCNY35.00@z7-5114-1043-X | |
| 100 | @a20110817d2011 em y0chiy50 ea | |
| 101 | 0 | @achi@aeng |
| 102 | @aCN@b110000 | |
| 105 | @ay q 000yy | |
| 200 | 1 | @a大学英语四级考试710分备课教案大全@Ada xue ying yu si ji kao shi 710 fen bei ke jiao an da quan@d= Lesson plan for CET-4@f赵建昆主编@zeng |
| 210 | @a北京@c中国石化出版社@d2011.08 | |
| 215 | @a289页@d26cm | |
| 330 | @a本书分四级写作、四级阅读、四级听力、四级综合四部分, 主要内容包括: 大学英语四级考试大纲解读、大学英语四级写作三大体裁剖析 ; 四级写作历年真题范文等。 | |
| 510 | 1 | @aLesson plan for CET-4@zeng |
| 516 | 1 | @a大学英语四级考试备课教案大全@Ada xue ying yu si ji kao shi bei ke jiao an da quan |
| 606 | 0 | @a大学英语水平考试@Ada xue ying yu shui ping kao shi@j教学参考资料 |
| 690 | @aH310.42@v4 | |
| 701 | 0 | @a赵建昆@Azhao jian kun@4主编 |
| 801 | 0 | @aCN@c20110817 |
| 905 | @dH310.42@eZ3031 | |
| 大学英语四级考试710分备课教案大全= Lesson plan for CET-4/赵建昆主编.-北京:中国石化出版社,2011.08 |
| 289页;26cm |
| ISBN 978-7-5114-1043-6:CNY35.00 |
| 本书分四级写作、四级阅读、四级听力、四级综合四部分, 主要内容包括: 大学英语四级考试大纲解读、大学英语四级写作三大体裁剖析 ; 四级写作历年真题范文等。 |
| ● |
| 相关链接 |
|
|
|
正题名:大学英语四级考试710分备课教案大全
索取号:H310.42/Z3031
 
预约/预借
| 序号 | 登录号 | 条形码 | 馆藏地/架位号 | 状态 | 备注 |
| 1 | 1220618 | 212206183 | 语言库209/209语言库 98排3列6层/ [索取号:H310.42/Z3031] | 在馆 | |
| 2 | 1220619 | 212206192 | 语言库209/209语言库 98排3列6层/ [索取号:H310.42/Z3031] | 在馆 | |
| 3 | 1220620 | 212206209 | 语言库209/209语言库 98排3列6层/ [索取号:H310.42/Z3031] | 在馆 |